LEADER 02451nam 2200661 a 450 001 9910457232203321 005 20200520144314.0 010 $a0-8047-7249-5 024 7 $a10.1515/9780804772495 035 $a(CKB)2550000000007048 035 $a(EBL)483429 035 $a(OCoLC)575954034 035 $a(SSID)ssj0000334486 035 $a(PQKBManifestationID)11259929 035 $a(PQKBTitleCode)TC0000334486 035 $a(PQKBWorkID)10260372 035 $a(PQKB)11371579 035 $a(StDuBDS)EDZ0000128072 035 $a(MiAaPQ)EBC483429 035 $a(DE-B1597)563876 035 $a(DE-B1597)9780804772495 035 $a(Au-PeEL)EBL483429 035 $a(CaPaEBR)ebr10356722 035 $a(OCoLC)1198929341 035 $a(EXLCZ)992550000000007048 100 $a20071029d2009 uy 0 101 0 $aeng 135 $aur|n|---||||| 181 $ctxt 182 $cc 183 $acr 200 14$aThe agony of Greek Jews, 1940-1945$b[electronic resource] /$fSteven B. Bowman 210 $aStanford, Calif. $cStanford University Press$dc2009 215 $a1 online resource (346 p.) 225 1 $aStanford Studies in Jewish History and C 300 $aDescription based upon print version of record. 311 $a0-8047-5584-1 320 $aIncludes bibliographical references and index. 327 $aThe Jews of Greece to World War I -- Germans and Jews in Greece -- In victory and defeat -- Vernichtungsorganisierung -- Chronicle of the deportations -- Abnormal deaths in a foreign land -- How a remnant survived -- Freedom or death -- Relief and rescue -- Bitter homecoming. 330 $aThis is the first comprehensive new study of the Greek Jewish experience during World War II to be published in sixty years. 410 0$aStanford Studies in Jewish History and C 606 $aJews$zGreece$xHistory$y20th century 606 $aSephardim$zGreece$xHistory$y20th century 606 $aHolocaust, Jewish (1939-1945)$zGreece 607 $aGreece$xHistory$yOccupation, 1941-1944 608 $aElectronic books. 615 0$aJews$xHistory 615 0$aSephardim$xHistory 615 0$aHolocaust, Jewish (1939-1945) 676 $a940.53/1809495 700 $aBowman$b Steven B$01049300 801 0$bMiAaPQ 801 1$bMiAaPQ 801 2$bMiAaPQ 906 $aBOOK 912 $a9910457232203321 996 $aThe agony of Greek Jews, 1940-1945$92478186 997 $aUNINA LEADER 02842 am 22004453u 450 001 9910141780203321 005 20200909165619.0 024 7 $a10.26530/OAPEN_459256 035 $a(CKB)2670000000409944 035 $a(OAPEN)459256 035 $a(WaSeSS)IndRDA00124589 035 $a(EXLCZ)992670000000409944 100 $a20200616d2008 uy 0 101 0 $aeng 135 $aurmu#---||uuu 181 $ctxt$2rdacontent 182 $cc$2rdamedia 183 $acr$2rdacarrier 200 10$aGreen carbon $ethe role of natural forest in carbon storage$hPart 1$iA green carbon account of Australia's south-eastern Eucalypt forests, and policy implications /$fBrendan G. Mackey [and others] 210 1$aCanberra, Australian Capital Territory :$cAustralian National University E Press,$d2008. 215 $a1 online resource (48 pages) $cillustrations; digital, PDF file(s) 311 08$aPrint version: 9781921313875 320 $aIncludes bibliographical references. 330 $aThe colour of carbon matters. Green carbon is the carbon stored in the plants and soil of natural ecosystems and is a vital part of the global carbon cycle. This report is the first in a series that examines the role of natural forests in the storage of carbon, the impacts of human land use activities, and the implications for climate change policy nationally and internationally. REDD (?reducing emissions from deforestation and degradation?) is now part of the agenda for the ?Bali Action Plan? being debated in the lead-up to the Copenhagen climate change conference in 2009. Currently, international rules are blind to the colour of carbon so that the green carbon in natural forests is not recognised, resulting in perverse outcomes including ongoing deforestation and forest degradation, and the conversion of extensive areas of land to industrial plantations. This report examines REDD policy from a green carbon scientific perspective. Subsequent reports will focus on issues concerning the carbon sequestration potential of commercially logged natural forests, methods for monitoring REDD, and the long term implications of forest policy and management for the global carbon cycle and climate change. 606 $aCarbon$xEnvironmental aspects 606 $aForests and forestry$xEnvironmental aspects 606 $aPlants$xEffect of atmospheric carbon dioxide on 608 $bElectronic books. 615 0$aCarbon$xEnvironmental aspects. 615 0$aForests and forestry$xEnvironmental aspects. 615 0$aPlants$xEffect of atmospheric carbon dioxide on. 676 $a577.3144 700 $aMackey$b Brendan$g(Brendan G.),$0801496 801 0$bWaSeSS 801 1$bWaSeSS 801 2$bUkMaJRU 906 $aBOOK 912 $a9910141780203321 996 $aGreen carbon$92196357 997 $aUNINA LEADER 05390 am 22007933u 450 001 9910346697703321 005 20221206104306.0 024 7 $a10.1525/9780520972483 035 $a(CKB)4920000000094717 035 $a(OCoLC)1085576967 035 $a(DE-B1597)539948 035 $a(DE-B1597)9780520972483 035 $a(ScCtBLL)3095ef64-7c87-4655-ac66-e8511d686a2f 035 $a(MiAaPQ)EBC6984282 035 $a(Au-PeEL)EBL6984282 035 $a(EXLCZ)994920000000094717 100 $a20200406h20192019 fg 101 0 $aeng 135 $aurm|#---||||| 181 $ctxt$2rdacontent 182 $cc$2rdamedia 183 $acr$2rdacarrier 200 04$aThe Social Question in the Twenty-First Century $eA Global View /$fJan Breman, Kevan Harris, Ching Kwan Lee, Marcel van der Linden 210 1$aBerkeley, CA :$cUniversity of California Press,$d[2019] 210 4$d©2019 215 $a1 online resource (xiii, 266 pages) $cillustrations; PDF, digital file(s) 311 08$aPrint version: 9780520302402 320 $aIncludes bibliographical references and index. 327 $tFrontmatter --$tContents --$tList of Illustrations --$tList of Contributors --$tPreface: The Terrifying Convergence of the Three Worlds of the "Social Question" --$t1. The Social Question All Over Again --$t2. The Social Question in Western Europe: Past and Present --$t3. The End of American Exceptionalism: The Social Question in the United States --$t4. The Social Question as the Struggle over Precarity: The Case of China --$t5. Migrants, Mobilizations, and Selective Hegemony in Mekong Asia's Special Economic Zones --$t6. A Mirage of Welfare: How the Social Question in India Got Aborted --$t7. The Labor Question and Dependent Capitalism: The Case of Latin America --$t8. Labor and Land Struggles in a Brazilian Steel Town: The Reorganization of Capital under Neo-Extractivism --$t9. From Poverty to Informality? The Social Question in Africa in a Historical Perspective --$t10. The Social Question in South Africa: From Settler Colonialism to Neoliberal-Era Democracy --$t11. The Social Question in the Middle East: Past and Present --$t12. Post-Socialist Contradictions: The Social Question in Central and Eastern Europe and the Making of the Illiberal Right --$t13. The Social Question in Russia: From De-Politicization to a Growing Sense of Exploitation --$t14. Postscript: The Social Question in Its Global Incarnation --$tIndex 330 $aA free open access ebook is available upon publication. Learn more at www.luminosoa.org. Want, disease, ignorance, squalor, and idleness: first recognized together in mid-nineteenth-century Europe, these are the focus of the Social Question. In 1942 William Beveridge called them the "giant evils" while diagnosing the crises produced by the emergence of industrial society. More recently, during the final quarter of the twentieth century, the global spread of neoliberal policies enlarged these crises so much that the Social Question has made a comeback. The Social Question in the Twenty-First Century maps out the linked crises across regions and countries and identifies the renewed and intensified Social Question as a labor issue above all. The volume includes discussions from every corner of the globe, focusing on American exceptionalism, Chinese repression, Indian exclusion, South African colonialism, democratic transitions in Eastern Europe, and other phenomena. The effects of capitalism dominating the world, the impact of the scarcity of waged work, and the degree to which the dispossessed poor bear the brunt of the crisis are all evaluated in this carefully curated volume. Both thorough and thoughtful, the book serves as collective effort to revive and reposition the Social Question, reconstructing its meaning and its politics in the world today. 606 $aCapitalism$xSocial aspects 606 $aEquality$xEconomic aspects 606 $aLabor$xHistory 606 $aSOCIAL SCIENCE / Poverty & Homelessness$2bisacsh 610 $a20th century. 610 $aamerican exceptionalism. 610 $acapitalism. 610 $achinese repression. 610 $ademocratic transitions in eastern europe. 610 $adisease. 610 $agiant evils. 610 $aidleness. 610 $aignorance. 610 $aindian exclusion. 610 $aindustrial society. 610 $alabor issue. 610 $aneoliberal policies. 610 $apolitics. 610 $apoor people. 610 $ascarcity of waged work. 610 $asocial question. 610 $asouth african colonialism. 610 $asqualor. 610 $awant. 615 0$aCapitalism$xSocial aspects. 615 0$aEquality$xEconomic aspects. 615 0$aLabor$xHistory. 615 7$aSOCIAL SCIENCE / Poverty & Homelessness. 676 $a306.3 702 $aBreman$b Jan$4edt$4http://id.loc.gov/vocabulary/relators/edt 702 $aHarris$b Kevan$4edt$4http://id.loc.gov/vocabulary/relators/edt 702 $aLee$b Ching Kwan$4edt$4http://id.loc.gov/vocabulary/relators/edt 702 $aLinden$b Marcel van der$f1952-$4edt$4http://id.loc.gov/vocabulary/relators/edt 801 0$bDE-B1597 801 1$bDE-B1597 906 $aBOOK 912 $a9910346697703321 996 $aThe Social Question in the Twenty-First Century$92065724 997 $aUNINA LEADER 02668nas 2200673 c 450 001 9910895175603321 005 20260218110437.0 024 7 $aurn:nbn:de:kobv:109-1-7898147 035 $a(CKB)3790000000121801 035 $a(DE-599)ZDB2687053-8 035 $a(OCoLC)1185539143 035 $a(DE-101)102694628X 035 $a(DE-599)2687053-8 035 $a(EXLCZ)993790000000121801 100 $a20121017b20092014 |y | 101 0 $ager 135 $aur||||||||||| 181 $ctxt$2rdacontent 182 $cc$2rdamedia 183 $acr$2rdacarrier 200 00$aBerlin-Brandenburg: Hier forscht die Jugend!$eSchülerlabore an Forschungseinrichtungen, Hochschulen und Museen ; Report ..$fHrsg.: Technologiestiftung Berlin 210 31$aBerlin$cTSB$d2009-2014 215 $aOnline-Ressource 225 0 $aEine Publikation der TSB, Technologiestiftung Berlin 300 $aGesehen am 20.03.2018 517 $aBerlin-Brandenburg 606 $aNaturwissenschaften$3(DE-588)4041421-8$3https://d-nb.info/gnd/4041421-8$3(DE-101)040414213$2gnd 606 $aAußerschulische Bildung$3(DE-588)4234453-0$3https://d-nb.info/gnd/4234453-0$3(DE-101)042344530$2gnd 606 $aTechnik$3(DE-588)4059205-4$3https://d-nb.info/gnd/4059205-4$3(DE-101)040592057$2gnd 606 $aAußerschulische Bildung$3(DE-588)4234453-0$3https://d-nb.info/gnd/4234453-0$3(DE-101)042344530$2gnd 606 $aNaturwissenschaften$3(DE-588)4041421-8$3https://d-nb.info/gnd/4041421-8$3(DE-101)040414213$2gnd 606 $aAußerschulische Bildung$3(DE-588)4234453-0$3https://d-nb.info/gnd/4234453-0$3(DE-101)042344530$2gnd 606 $aTechnik$3(DE-588)4059205-4$3https://d-nb.info/gnd/4059205-4$3(DE-101)040592057$2gnd 606 $aAußerschulische Bildung$3(DE-588)4234453-0$3https://d-nb.info/gnd/4234453-0$3(DE-101)042344530$2gnd 607 $aBerlin$2gnd 607 $aBerlin$2gnd 607 $aBrandenburg$2gnd 607 $aBrandenburg$2gnd 608 $aZeitschrift$2gnd-content 608 $aOnline-Publikation$2gnd 608 $aOnline-Publikation$2gnd 608 $aOnline-Publikation$2gnd 608 $aOnline-Publikation$2gnd 615 7$aNaturwissenschaften. 615 7$aAußerschulische Bildung. 615 7$aTechnik. 615 7$aAußerschulische Bildung. 615 7$aNaturwissenschaften. 615 7$aAußerschulische Bildung. 615 7$aTechnik. 615 7$aAußerschulische Bildung. 676 $a360 801 0$b0109 801 1$bDE-101 801 2$b9999 906 $aJOURNAL 912 $a9910895175603321 996 $aBerlin-Brandenburg: Hier forscht die Jugend$94263654 997 $aUNINA